Sổ tay xử lý nước Memento Technique De L'eau T.2 = V.2 /

Xử lý sơ bộ nước, lắng tuyển nổi, phương pháp sinh học hiếu khí, mêtan hoá, thiết bị lọc nước, phương pháp trao đổi ion hiện đại, các loại bằng màng lọc, loại bỏ khí, sục khí, hoá hơi, ôxy hoá khử trùng, nén và ổn định bùn, xử lý bùn.......

Descripción completa

Guardado en:
Detalles Bibliográficos
Formato: Libro
Lenguaje:Vietnamese
French
Publicado: Hà Nội : Xây dựng, 1999.
Materias:
Etiquetas: Agregar Etiqueta
Sin Etiquetas, Sea el primero en etiquetar este registro!
Thư viện lưu trữ: Mạng thư viện Đại học Đà Nẵng
LEADER 01250cam a2200349 i 4500
001 000042616
003 490
005 20030923081347.0
008 010217b1999 vm 000 vie
020 |c 69000 
022 |a T 
040 |a IRC  |c IRC  |d IRC 
041 0 |a vie  |h fre 
082 1 4 |a 628.16  |b Sô-T 
245 0 0 |a Sổ tay xử lý nước  |n T.2 =  |b Memento Technique De L'eau  |n V.2 /  |c Trung tâm đào tạo ngành nước và môi trường. 
246 0 1 |a Memento Technique De L'eau.  |n V.2. 
260 |a Hà Nội :  |b Xây dựng,  |c 1999. 
300 |a 660tr. ;  |c 24cm. 
520 3 |a Xử lý sơ bộ nước, lắng tuyển nổi, phương pháp sinh học hiếu khí, mêtan hoá, thiết bị lọc nước, phương pháp trao đổi ion hiện đại, các loại bằng màng lọc, loại bỏ khí, sục khí, hoá hơi, ôxy hoá khử trùng, nén và ổn định bùn, xử lý bùn.... 
630 0 4 |a Nước. 
630 0 4 |a Xử lý nước. 
650 0 4 |a Nước  |x Xử lý  |v Sổ tay. 
OWN |a DUT 
999 |a From the UDN01 
TYP |a Monograph 
TYP |a Printed language 
980 |a Mạng thư viện Đại học Đà Nẵng